|
|
|
|
| LEADER |
01420nam a2200325 a 4500 |
| 001 |
14153 |
| 003 |
BD-DhAAL |
| 008 |
090506s1976 nyua 001 0 eng d |
| 999 |
|
|
|c 424
|d 424
|
| 010 |
|
|
|a \\\89002576
|
| 020 |
|
|
|a 0070000425
|
| 020 |
|
|
|a 007099014x
|
| 040 |
|
|
|a DLC
|c DLC
|d DLC
|d BD-DhAAL
|
| 082 |
0 |
0 |
|a 536.7
|2 20
|
| 100 |
1 |
|
|a Abbott, Michael M.
|9 41983
|
| 245 |
1 |
0 |
|a Schaum's outline of theory and problems of thermodynamics /
|c Michael M. Abbott, Hendrick C. Van Ness.
|
| 250 |
|
|
|a Second edition
|
| 260 |
|
|
|a New York :
|b McGraw-Hill,
|c c1976.
|
| 300 |
|
|
|a 362 pages :
|b illustrations ;
|c 28 cm.
|
| 490 |
0 |
|
|a Schaum's outline series
|
| 500 |
|
|
|a Includes index.
|
| 541 |
1 |
|
|e 14153
|
| 650 |
|
0 |
|a Thermodynamics.
|9 41984
|
| 700 |
1 |
|
|a Van Ness, H. C.
|q (Hendrick C.)
|9 41985
|
| 830 |
|
|
|a Schaum's outline series
|9 41986
|
| 852 |
4 |
|
|a Ayesha Abed Library
|c General Stacks
|j Generals
|
| 942 |
|
|
|2 ddc
|c BK
|
| 952 |
|
|
|0 0
|1 0
|2 ddc
|4 0
|6 536_700000000000000_ABB
|7 0
|9 385
|a BRACUL
|b BRACUL
|c GEN
|d 2009-05-06
|g 451.00
|l 4
|m 1
|o 536.7 ABB
|p 3010014154
|r 2023-09-26
|s 2023-05-28
|t 2
|w 2009-05-06
|y BK
|
| 952 |
|
|
|0 0
|1 0
|2 ddc
|4 0
|6 536_700000000000000_ABB
|7 0
|9 10308
|a BRACUL
|b BRACUL
|c GEN
|d 2010-05-18
|l 8
|m 26
|o 536.7 ABB
|p 3010014153
|r 2025-10-22
|s 2025-10-15
|t 1
|w 2010-05-18
|y BK
|
| 952 |
|
|
|0 0
|1 0
|2 ddc
|4 0
|6 536_700000000000000_ABB
|7 0
|9 10309
|a BRACUL
|b BRACUL
|c GEN
|d 2010-05-18
|l 8
|m 13
|o 536.7 ABB
|p 3010014163
|r 2017-07-17
|s 2017-05-31
|t 3
|w 2010-05-18
|y BK
|